<?xml version="1.0" encoding="UTF-8"?>
<record
    xmlns:xsi="http://www.w3.org/2001/XMLSchema-instance"
    xsi:schemaLocation="http://www.loc.gov/MARC21/slim http://www.loc.gov/standards/marcxml/schema/MARC21slim.xsd"
    xmlns="http://www.loc.gov/MARC21/slim">

  <leader>01684nam a22001697a 4500</leader>
  <datafield tag="999" ind1=" " ind2=" ">
    <subfield code="c">26952</subfield>
    <subfield code="d">26952</subfield>
  </datafield>
  <datafield tag="020" ind1=" " ind2=" ">
    <subfield code="a">9789388937443</subfield>
  </datafield>
  <datafield tag="082" ind1=" " ind2=" ">
    <subfield code="a">627.5254133</subfield>
  </datafield>
  <datafield tag="100" ind1=" " ind2=" ">
    <subfield code="a">Dash, Baira Ganjan</subfield>
  </datafield>
  <datafield tag="245" ind1=" " ind2=" ">
    <subfield code="a">History of canal irrigation in coastal Orissa 1866-1947</subfield>
    <subfield code="c">/Baira Ganjan Dash</subfield>
  </datafield>
  <datafield tag="260" ind1=" " ind2=" ">
    <subfield code="a">New Delhi</subfield>
    <subfield code="b">Concept Publishing Company</subfield>
    <subfield code="c">2020</subfield>
  </datafield>
  <datafield tag="300" ind1=" " ind2=" ">
    <subfield code="a">152p.</subfield>
  </datafield>
  <datafield tag="520" ind1=" " ind2=" ">
    <subfield code="a">History of Canal Irrigation in Coastal Orissa: 1866-1947 presents an authoritative description of the history of what was known as canal system in coastal colonial Orissa. The text is a strictly original work and primarily based on the author's research on economic history of Orissa. The main features of canal irrigation have been given in full detail for a clear-cut understanding of canal irrigation. Challenging earlier interpretations, the book moves away from a largely colonial or masterly narrative to a realistic history. The work provides a detailed account of the extension of canal irrigation system starting from its beginning. It also explains what led to the introduction of canal irrigation. A comprehensive study on various impacts of canal irrigation is also given and finally in disguisedly the book gives us important insights into the primary aim of the colonial rule which was the economic exploitation. A comprehensive textbook book for the students of economic history and interested readers, History of Canal Irrigation in Coastal Orissa: 1866-1947 is essential reading for a broader understanding of the economic history of colonial coastal Orissa.</subfield>
  </datafield>
  <datafield tag="650" ind1=" " ind2=" ">
    <subfield code="a">Irrigation</subfield>
    <subfield code="z">India</subfield>
    <subfield code="z">Odisha</subfield>
  </datafield>
  <datafield tag="650" ind1=" " ind2=" ">
    <subfield code="a"> Irrigation canals and flumes</subfield>
    <subfield code="z">India</subfield>
    <subfield code="z">Odisha</subfield>
  </datafield>
  <datafield tag="650" ind1=" " ind2=" ">
    <subfield code="a">Agriculture</subfield>
    <subfield code="z">India</subfield>
    <subfield code="z">Odisha</subfield>
  </datafield>
  <datafield tag="942" ind1=" " ind2=" ">
    <subfield code="2">ddc</subfield>
    <subfield code="c">BK</subfield>
  </datafield>
  <datafield tag="952" ind1=" " ind2=" ">
    <subfield code="0">0</subfield>
    <subfield code="1">0</subfield>
    <subfield code="4">0</subfield>
    <subfield code="7">0</subfield>
    <subfield code="a">NASSDOC</subfield>
    <subfield code="b">NASSDOC</subfield>
    <subfield code="d">2021-12-01</subfield>
    <subfield code="e">Gratis: Academic Foundation</subfield>
    <subfield code="g">0.00</subfield>
    <subfield code="l">1</subfield>
    <subfield code="o">627.5254133 DAS-H</subfield>
    <subfield code="p">51807</subfield>
    <subfield code="r">2024-07-23 00:00:00</subfield>
    <subfield code="s">2022-07-15</subfield>
    <subfield code="w">2021-12-01</subfield>
    <subfield code="y">BK</subfield>
  </datafield>
</record>
